000 00608nam a2200205Ia 4500
005 20250508162740.0
008 008 250505s9999 xx 000 0 eng d
037 _aTextual
040 _aFEDL
_beng
_cFEDL
041 _aeng
_2eng
084 _a305.4, KRI
_qFEDL
100 _aKrishnaraj Maithreyi
245 0 _aGender and the household domain : Social and cultural dimensions
260 _aNew Delhi, India
_bSage Publications
_c1989
300 _a264p.
650 _aSocial Structure
700 _a Chanana Karuna
_9773975
942 _cTEXL
_h305.4, KRI
999 _c1378473
_d1378473